Geography Quiz

Random Geography or City Quiz

4 to 13 Letter 'G' Places Quiz Stats

Quiz Updated May 13, 2017

Challenge
Share
Tweet
Embed
Score 0/10 Timer 02:00
19 Plays Today
Clue 'G'-Place % Correct
African city where famous historical pyramids are locatedGiza
93.2%
African country that translates to 'Warrior King'Ghana
88.4%
Most sacred river to HindusGanges
85.3%
Caribbean country known as 'Island of Spice'Grenada
72.6%
Autonomous constituent country within the Kingdom of DenmarkGreenland
64.8%
Most populated Central American city (two words)Guatemala City
58.6%
African nation whose capital comprises part of the country's nameGuinea-Bissau
57.1%
Island in the English Channel off the coast of NormandyGuernsey
50.1%
The capital of Mexican state of JaliscoGuadalajara
49.3%
The capital of GuyanaGeorgetown
47.5%

You're not logged in!

Compare scores with friends on all Sporcle quizzes.
Join for Free
OR
Log In

You Might Also Like...

Show Comments

Extras

Top Quizzes Today


Score Distribution

Your Account Isn't Verified!

In order to create a playlist on Sporcle, you need to verify the email address you used during registration. Go to your Sporcle Settings to finish the process.

Report this User

Report this user for behavior that violates our Community Guidelines.

Details: